Wszystkie stacje Magistrali Berlińskiej - Statystyki

Ogólne statystyki
  • Ten quiz został rozwiązany 12 razy
    9 od ostatniego zresetowania
  • Średni wynik to 23 z 88
Statystyki odpowiedzi
Województwo Kilometraż Stacja / Posterunek % Poprawnych
Wielkopolskie 175,7 Koło
100%
Wielkopolskie 204,5 Konin
88%
Wielkopolskie 304,7 Poznań Główny
88%
Lubuskie 460,8 Rzepin
88%
Lubuskie 407,3 Świebodzin
88%
Łódzkie 125,9 Kutno
75%
Łódzkie 80,6 Łowicz Główny
75%
Mazowieckie 54,3 Sochaczew
75%
Mazowieckie 3 Warszawa Zachodnia
75%
Wielkopolskie 379,3 Zbąszyń
75%
Mazowieckie 6,8 podg. Warszawa Włochy
63%
Lubuskie 475,9 Słubice
63%
Mazowieckie 7 Warszawa Włochy
63%
Lubuskie 385,6 Zbąszynek
63%
Wielkopolskie 334,1 Buk
50%
Wielkopolskie 362 Nowy Tomyśl
50%
Wielkopolskie 343,4 Opalenica
50%
Wielkopolskie 299 Poznań Wschód
50%
Wielkopolskie 232,8 Słupca
50%
Wielkopolskie 291,6 Swarzędz
50%
Mazowieckie 28,6 Błonie
38%
Wielkopolskie 157,6 Kłodawa
38%
Wielkopolskie 281,3 Kostrzyn Wielkopolski
38%
Mazowieckie 15 Ożarów Mazowiecki
38%
Wielkopolskie 301,6 Poznań Garbary
38%
Wielkopolskie 309,1 Poznań Górczyn
38%
Mazowieckie 10,7 Warszawa Gołąbki
38%
Wielkopolskie 166,1 Barłogi
25%
Wielkopolskie 224,5 Cienin
25%
Wielkopolskie 221,6 Cienin Kościelny
25%
Wielkopolskie 323,5 Dopiewo
25%
Wielkopolskie 274,4 Gułtowy
25%
Wielkopolskie 248,4 Gutowo Wielkopolskie
25%
Wielkopolskie 206,6 Konin Zachód
25%
Lubuskie 472,9 Kunowice
25%
Wielkopolskie 268,4 Nekla
25%
Wielkopolskie 329,4 Otusz
25%
Wielkopolskie 285,8 Paczkowo
25%
Wielkopolskie 318,3 Palędzie
25%
Wielkopolskie 262,7 Podstolice
25%
Wielkopolskie 295 Poznań Antoninek
25%
Wielkopolskie 312,8 Poznań Junikowo
25%
Wielkopolskie 236,9 Strzałkowo
25%
Mazowieckie 41,9 Teresin Niepokalanów
25%
Lubuskie 427,6 Toporów
25%
Lubuskie 443,4 Torzym
25%
Wielkopolskie 338,6 Wojnowice Wielkopolskie
25%
Łódzkie 72,3 Bednary
13%
Wielkopolskie 181,7 Budki Nowe
13%
Wielkopolskie 211,6 Kawnice
13%
Łódzkie 138,8 Krzewie
13%
Łódzkie 75,7 Mysłaków
13%
Łódzkie 134,6 Nowe Kutnowskie
13%
Wielkopolskie 195,1 Patrzyków
13%
Mazowieckie 47 Piasecznica
13%
Wielkopolskie 253,2 podg. Sokołowo
13%
Wielkopolskie 351,1 Porażyn
13%
Wielkopolskie 357,1 Sątopy
13%
Wielkopolskie 216,1 Spławie
13%
Lubuskie 396,5 Szczaniec
13%
Wielkopolskie 148,2 Turzynów
13%
Łódzkie 115,9 Złotniki Kutnowskie
13%
Łódzkie 107,1 Żychlin
13%
Mazowieckie 26,4 Błonie Rokitno
0%
Lubuskie 451,1 Boczów
0%
Mazowieckie 34,3 Boża Wola
0%
Wielkopolskie 371,9 Chrośnica
0%
Lubuskie 434,3 Drzewce
0%
Łódzkie 93,4 Jackowice
0%
Łódzkie 67,4 Jasionna Łowicka
0%
Wielkopolskie 367 Jastrzębsko
0%
Łódzkie 65,1 Kęszyce
0%
Mazowieckie 58,7 Kornelin
0%
Wielkopolskie 187,8 Kramsk
0%
Lubuskie 402 Kupienino
0%
Lubuskie 417,8 Mostki
0%
Łódzkie 86,9 Niedźwiada Łowicka
0%
Mazowieckie 62,7 Nowa Sucha
0%
Wielkopolskie 245,2 Otoczna
0%
Mazowieckie 22 Płochocin
0%
Łódzkie 76,9 podg. Arkadia
0%
Lubuskie 382,8 podg. Chlastawa
0%
Mazowieckie 38,5 Seroki
0%
Łódzkie 122 Sklęczki
0%
Lubuskie 412,5 Wilkowo Świebodzińskie
0%
Mazowieckie 31,1 Witanów
0%
Wielkopolskie 240,8 Wólka
0%
Łódzkie 99,7 Zosinów
0%
Nie znaleziono quizów pasujących do podanych kryteriów
Rozkład punktacji
Procent ludzi z każdym wynikiem
Percentyl według liczby udzielonych odpowiedzi
Twoja historia wyników
Nie rozwiązałeś tego quizu od ostatniego zresetowania